Quizzes
Events
Quiz Creation
Community
Videos
Private Events
Remove Ads
Sign In
Join for FREE
Feedback
Dark Mode
Quiz Categories
Sports
Geography
Music
Movies
Television
Just For Fun
Miscellaneous
History
Literature
Language
Science
Gaming
Entertainment
Religion
Holiday
For Kids
Quiz Lab
Recent
Popular Today
Quiz Kudos Today
Editor Picks
Curator Picks
Quizzes by...
Day
Popularity
Type
Ratings
Length
Year
Community
Subscriptions
Recent Discussions
Orange Saloon
Badges
Playlists
Quests
Create
Leaderboards
Showdown
Live 5
Trivia Bingo
Activity
Puzzle Library
Sporcle Events
Private Events
Virtual Trivia
Globe League
Become a Host
Pub Owners
SporcleCon
Opinionation
Our Games
Videos
Blog
Mobile Apps
Partnerships
Remove Ads and Go Orange
Feedback
Music
Pop Music
The Beatles
Song
Album
Lyrics
Bands
Singers
Artist
Clip
Rock
Rap
Classical
Billboard
Country Music
Kpop
Taylor Swift
Music
Pop Music
The Beatles
Song
Album
Lyrics
Bands
Singers
Artist
Clip
Rock
Rap
Classical
Billboard
Country Music
Kpop
Taylor Swift
Random Quiz
Search Sporcle
×
Quiz Lab
Quiz Lab
Music
Billboard
Type in answers that appear in a list
Type in answers that appear in a list
Classic
Best Score? Go Orange.
Female Singers of the 80's Stats
Can you name the Female Billboard Artists of the 80's by their #1 Song?
By
sporcthedork
6m
23 Questions
580 Plays
580 Plays
580 Plays
Comments
Comments
Give Quiz Kudos
Give Quiz Kudos
-
- Ratings
hide this ad
Replay
Link that replays current quiz
Next Quiz
Link to next quiz in quiz playlist
You Got
0%
They Got
Avg Score
77%
Avg Friend Score
Upgrade to see
Score Distribution
Jump to the score distribution portion of the page
Score
0/23
Timer
06:00
1
Play Today
Song
Female Artist
% Correct
Like A Virgin
Madonna
98.3%
Time After Time
Cyndi Lauper
93.6%
What's Love Got To Do With It
Tina Turner
93.6%
9 to 5
Dolly Parton
91.7%
Total Eclipse Of The Heart
Bonnie Tyler
89.8%
Saving All My Love For You
Whitney Houston
87.4%
Straight Up
Paula Abdul
86.4%
Flashdance
Irene Cara
85.5%
Heaven Is A Place On Earth
Belinda Carlisle
85.2%
I Think We're Alone Now
Tiffany
84.5%
Wind Beneath My Wings
Bette Midler
84%
Mickey
Toni Basil
82.2%
Song
Female Artist
% Correct
Bette Davis Eyes
Kim Carnes
82.1%
Upside Down
Diana Ross
78.4%
Morning Train
Sheena Easton
68.3%
Magic
Olivia Newton-John
67.4%
Let's Hear It For The Boy
Deniece Williams
67.4%
Woman In Love
Barbra Streisand
63.1%
Foolish Beat
Debbie Gibson
61.9%
Toy Soldier
Martika
60.9%
When I Think Of You
Janet Jackson
58.6%
You Keep Me Hanging On
Kim Wilde
54.8%
Don't Wanna Lose You
Gloria Estefan
50.9%
Quiz Playlist
Details
Report
Send in Message
Add To Playlist
Classic:
Type in answers that appear in a list
Last Updated: Feb 16, 2017
Quiz Scoreboard
CHALLENGE
Sign Up to Join the Scoreboard
Show All
Scores
Hide
Comments
May contain spoilers
Recently Published
NBA Finals Game Top Scorers (2010s)
by flibbidy
Sports
5m
Guess the 'R' Things in 3 Words
by MSUKent
Miscellaneous
3m
Actor to Badly Drawn Movie III
by MoMosMoProblems
Movies
5m
More to Explore
Quiz From the Vault
Featured Blog Post
Where Does Lost Luggage Go?
hide this ad
You Might Also Like...
Tags
Billboard Quiz
Female Artists
Lady
Today's Top Quizzes in Music
Browse Music
hide this ad
Today's Top Quizzes in Billboard
Browse Billboard
Top Contributed Quizzes in Music
1
Taylor Swift All Songs (2024)
2
Image Sorting: Rock Albums II
3
Image Sorting: Rock Albums III
4
Image Sorting: Rock Albums IV
5
Image Sorting: Rock Albums V
6
Image Sorting: Rock Albums VI
7
Taylor Swift Logic Puzzle
8
Adjectives in 80s Songs
9
Image Sorting: Album Titles
10
Nickname Match: Musicians
Explore More
Trending Topics
Disney
Crossword
Harry Potter
Anime
Kpop
Marvel
NBA
Soccer
Pokémon
The Office
Country
NFL
WWE
Song
Puzzle
hide this ad
More By:
sporcthedork
Quiz
Plays
Rating
Category
Featured
Created
Donna Summer Top 10 Songs
9,051
4.51
Music
Aug 3, 2011
Will & Grace...Was He or Wasn't She?
902
4.40
Television
Jul 10, 2014
#1 Out Of The Box - 80's
727
4.14
Music
Aug 7, 2011
Female Singers of the 80's
580
4.67
Music
Aug 3, 2011
Golden Moments...Golden Girls
484
4.40
Television
Feb 16, 2014
Go to Creator's Profile
Score Distribution
Quiz Creator Spotlight
sporcthedork
Follow
Send a Message
Quizzes Created
-
Created Quiz Play Count
-
More By This Creator
Popular Quizzes Today
1
Find the US States - No Outlines Minefield
2
Find the US States
3
The Countries of the World
4
10 Largest US States in Order
5
Find the Countries of Europe - No Outlines Minefield
6
US States
7
Guess the 'R' Things in 3 Words
8
NBA Finals Game Top Scorers (2010s)
More Music Quizzes
Pick the 2010s Hip Hop Albums
Quiz Lab
Trending Quizzes
First Name TV: Leading Men
First Name TV: Leading Women Drama
Match the Book to the Film II
Pick A Pair: Religious TV
Match the Book to the Film VI
Recently Updated
Women's Final Four Teams by Year
bhenderson79
Presidents Quartet II
eogle
Anything But Clue(do)
eogle
Anything But Oceanian Capitals
eogle
Anything But 7
eogle
Anything But Thing
eogle
Word Ladder: February 29
pecheneg
Song Title Questions
pecheneg
Women's NCAA Tournament #1 Seeds
pecheneg
Celebrity Mug Shots
pecheneg
Trending Topics
Anime
Kpop
Crossword
Marvel
Disney
Harry Potter
NBA
Country
WWE
The Office
Pokémon
Soccer
Song
Puzzle
NFL
Your Account Isn't Verified!
In order to create a playlist on Sporcle, you need to verify the email address you used during registration. Go to your
Sporcle Settings
to finish the process.
Report this User
Report this user for behavior that violates our
Community Guidelines
.
Details:
Send Report
Go to the Sporcle.com Mobile Site →
Comments